Constitution of the Republic of Uganda / (Record no. 200)

MARC details
000 -LEADER
fixed length control field 00978cam a2200289 a 4500
001 - CONTROL NUMBER
control field 3995981
003 - CONTROL NUMBER IDENTIFIER
control field OSt
005 - DATE AND TIME OF LATEST TRANSACTION
control field 20110722113924.0
008 - FIXED-LENGTH DATA ELEMENTS--GENERAL INFORMATION
fixed length control field 960524s1995 ug f000 0 eng
010 ## - LIBRARY OF CONGRESS CONTROL NUMBER
LC control number 95982790
040 ## - CATALOGING SOURCE
Original cataloging agency DLC
Transcribing agency DLC
Modifying agency DLC
042 ## - AUTHENTICATION CODE
Authentication code lcode
043 ## - GEOGRAPHIC AREA CODE
Geographic area code f-ug---
050 00 - LIBRARY OF CONGRESS CALL NUMBER
Classification number KTW171.A31995
Item number A6 1995
082 00 - DEWEY DECIMAL CLASSIFICATION NUMBER
Classification number 342.6761023
-- 346.7610223
Edition number 20
110 1# - MAIN ENTRY--CORPORATE NAME
Corporate name or jurisdiction name as entry element Uganda.
9 (RLIN) 554
240 10 - UNIFORM TITLE
Uniform title <a href="Constitution (1995)">Constitution (1995)</a>
245 10 - TITLE STATEMENT
Title Constitution of the Republic of Uganda /
Statement of responsibility, etc Republic of Uganda.
260 ## - PUBLICATION, DISTRIBUTION, ETC. (IMPRINT)
Place of publication, distribution, etc Entebbe [Uganda] :
Name of publisher, distributor, etc Uganda Print. and Pub. Corp.,
Date of publication, distribution, etc 1995.
300 ## - PHYSICAL DESCRIPTION
Extent xviii, 196 p. ;
Dimensions 21 cm.
500 ## - GENERAL NOTE
General note Cover title.
650 #0 - SUBJECT ADDED ENTRY--TOPICAL TERM
Topical term or geographic name as entry element Constitutions
Geographic subdivision Uganda.
9 (RLIN) 591
906 ## - LOCAL DATA ELEMENT F, LDF (RLIN)
a 7
b cbc
c origode
d 2
e ncip
f 19
g y-gencatlg
942 ## - ADDED ENTRY ELEMENTS (KOHA)
Source of classification or shelving scheme Dewey Decimal Classification
Koha item type Books
Holdings
Withdrawn status Lost status Source of classification or shelving scheme Damaged status Not for loan Home library Current library Shelving location Date acquired Total Checkouts Full call number Barcode Date last seen Price effective from Koha item type
    Dewey Decimal Classification     Law Development Centre Main Library Law Development Centre Main Library Text Books and Laws 04/09/2011   342.6761023 2011/2707 04/09/2011 04/09/2011 Books